00205nam a2200073Ia 4500008004100000100000900041245003600050260004500086190216s9999||||xx |||||||||||||| ||und|| aNull 0aHindi-Ashirvad Samajik Adhyaban bNational Council Of Educational Research